| 000 | 00879nam a2200337 a 4500 | ||
|---|---|---|---|
| 003 | AR-BaBNM | ||
| 005 | 20251128204918.0 | ||
| 008 | 082120s2002 ||||||||||||||000 | spa|| | ||
| 020 | _a968-16-1680-4 | ||
| 040 | _cAR-BaBNM | ||
| 245 | 0 | 0 | _aInflación y estabilización en América Latina |
| 250 | _a1ª ed. | ||
| 260 |
_aMéxico, D.F. _bFondo de Cultura Económica _c1984 |
||
| 300 |
_a309 p. _btablas |
||
| 490 | 0 | _aSección de obras de economía | |
| 650 | 4 | _aECONOMIA | |
| 650 | 4 | _aPOLITICA ECONOMICA | |
| 650 | 4 | _aINFLACION | |
| 650 | 4 | _aESTABILIDAD | |
| 651 | 4 | _aUruguay | |
| 651 | 4 | _aPerú | |
| 651 | 4 | _aMéxico | |
| 651 | 4 | _aChile | |
| 651 | 4 | _aBrasil | |
| 651 | 4 | _aArgentina | |
| 700 | 1 |
_aThorp, Rosemary _ecompilador |
|
| 700 | 1 |
_aWhitehead, Lawrence _ecompilador |
|
| 700 | 1 |
_aSuárez, Eduardo L. _etraductor |
|
| 942 | _cBK | ||
| 998 | _cEnrique | ||
| 999 |
_c9304 _d9304 |
||